[Event "TCh-POL Ekstraliga 2025"]
[Site "Chotowa POL"]
[Date "2025.06.04"]
[Round "3.5"]
[White "Golecki, Jan"]
[Black "Jakubowski, Krzysztof"]
[Result "1/2-1/2"]
[BlackTitle "GM"]
[WhiteElo "2268"]
[BlackElo "2448"]
[WhiteTeam "KS LAURA Chylice"]
[BlackTeam "KSz Silesia Raciborz"]
[WhiteFideId "1184008"]
[BlackFideId "1112848"]
[EventDate "2025.06.02"]

1. e4 c5 2. Nf3 d6 3. d4 cxd4 4. Nxd4 Nf6 5. Nc3 a6 6. Bd3 g6 7. h3 Bd7 8. Be3
Nc6 9. O-O Bg7 10. a4 O-O 11. Nb3 Rc8 12. f4 Nb4 13. a5 Be6 14. Nd4 Bc4 15. Ra4
Bxd3 16. cxd3 Nc6 17. Nxc6 bxc6 18. d4 Rb8 19. Qe2 Qd7 20. Qxa6 Rxb2 21. Rc4 d5
22. Rxc6 Nxe4 23. Nxe4 dxe4 24. Qc4 Ra8 25. a6 e6 26. Rc7 Qd5 27. Rc8+ Rxc8 28.
Qxc8+ Bf8 29. f5 Qa2 30. Rf2 Qb1+ 31. Kh2 Rb8 32. Qd7 exf5 33. a7 Ra8 34. d5 Qe1
35. Qb7 Qxe3 36. Qxa8 Qxf2 37. Qb8 f4 38. a8=Q Qg3+ 39. Kg1 Qe1+ 40. Kh2 Qg3+ 1/2-1/2

[Event "TCh-POL Ekstraliga 2025"]
[Site "Chotowa POL"]
[Date "2025.06.04"]
[Round "3.6"]
[White "Narva, Mai"]
[Black "Barchuk, Irina"]
[Result "1-0"]
[WhiteTitle "IM"]
[BlackTitle "WFM"]
[WhiteElo "2391"]
[BlackElo "2076"]
[WhiteTeam "KSz Silesia Raciborz"]
[BlackTeam "KS LAURA Chylice"]
[WhiteFideId "4500512"]
[BlackFideId "14119005"]
[EventDate "2025.06.02"]

1. e4 c5 2. Nc3 d6 3. f4 g6 4. Nf3 Bg7 5. Bb5+ Bd7 6. Bc4 Nc6 7. O-O Nd4 8. a4
a6 9. d3 b5 10. Bd5 Rb8 11. axb5 e6 12. Ba2 axb5 13. Nxd4 Bxd4+ 14. Kh1 Ne7 15.
f5 gxf5 16. Bg5 b4 17. exf5 bxc3 18. fxe6 cxb2 19. Qh5 O-O 20. exf7+ Kh8 21.
Rae1 Qa5 22. Bxe7 Qxa2 23. Bxd6 Rxf7 24. Bxb8 Rf5 25. Re8+ Kg7 26. Re7+ Kg8 27.
Qxh7+ Kf8 28. Ree1 Rxf1+ 29. Rxf1+ Ke8 30. Rf8+ Kxf8 31. Bd6+ Ke8 32. Qe7# 1-0

[Event "TCh-POL Ekstraliga 2025"]
[Site "Chotowa POL"]
[Date "2025.06.04"]
[Round "3.1"]
[White "Volokitin, Andrei"]
[Black "Samunenkov, Ihor"]
[Result "1/2-1/2"]
[WhiteTitle "GM"]
[BlackTitle "GM"]
[WhiteElo "2626"]
[BlackElo "2562"]
[WhiteTeam "WIEZA PEGOW"]
[BlackTeam "KSz Stilon Gorzow Wlkp."]
[WhiteFideId "14107090"]
[BlackFideId "14187086"]
[EventDate "2025.06.02"]

1. e4 c5 2. Nf3 Nc6 3. Bb5 g6 4. Bxc6 bxc6 5. d4 Bg7 6. dxc5 Qa5+ 7. Nbd2 Qxc5
8. O-O Nf6 9. Nb3 Qd6 10. e5 Qxd1 11. Rxd1 Nd5 12. c4 Nc7 13. Be3 f6 14. exf6
Bxf6 15. Bd4 Rf8 16. Rd2 Ne6 17. Bxf6 Rxf6 18. Nbd4 c5 19. Nxe6 Rxe6 20. Ng5 Re5
21. f4 Rf5 22. g3 h6 23. Ne4 d6 24. Re1 Kd7 25. Nf2 g5 26. Rde2 Rf7 27. Ng4 gxf4
28. Nxh6 Rg7 29. Nf5 Rg5 30. Nxe7 Bb7 31. Nd5 Bxd5 32. cxd5 Rg7 33. Kg2 Rag8 34.
Rf1 fxg3 35. h4 Rh8 36. Rf4 Rh5 37. Rd2 Re5 38. Rf3 Re4 39. Rxg3 Rh7 40. Ra3 Kc8
41. Kg3 Rhxh4 42. Rxa7 Rhg4+ 43. Kf3 Rgf4+ 44. Kg3 Rg4+ 45. Kf3 Rgf4+ 46. Kg3 1/2-1/2

[Event "TCh-POL Ekstraliga 2025"]
[Site "Chotowa POL"]
[Date "2025.06.04"]
[Round "3.2"]
[White "Janik, Igor"]
[Black "Lagarde, Maxime"]
[Result "1/2-1/2"]
[WhiteTitle "GM"]
[BlackTitle "GM"]
[WhiteElo "2520"]
[BlackElo "2621"]
[WhiteTeam "KSz Stilon Gorzow Wlkp."]
[BlackTeam "WIEZA PEGOW"]
[WhiteFideId "1159259"]
[BlackFideId "662399"]
[EventDate "2025.06.02"]

1. c4 g6 2. g3 Bg7 3. Bg2 Nf6 4. Nc3 O-O 5. d4 d6 6. Nf3 c6 7. O-O Bf5 8. b3 Ne4
9. Bb2 Nxc3 10. Bxc3 Be4 11. Rc1 Nd7 12. Qd2 a5 13. Qe3 d5 14. Bh3 Bxf3 15. Qxf3
e6 16. e3 Nf6 17. Qe2 Ne4 18. Rfd1 a4 19. Bg2 axb3 20. axb3 Nxc3 21. Rxc3 Qb6
22. Rb1 Ra3 23. cxd5 exd5 24. Qd2 Rfa8 25. b4 Bf8 26. Rxa3 Rxa3 27. b5 Ra4 28.
Bf1 c5 29. dxc5 Qxc5 30. Rd1 d4 31. exd4 Qd6 32. Qe3 b6 33. Qe5 Qxe5 34. dxe5
Bc5 35. Rd7 Re4 36. Rd5 Rd4 37. Rxd4 1/2-1/2

[Event "TCh-POL Ekstraliga 2025"]
[Site "Chotowa POL"]
[Date "2025.06.04"]
[Round "3.3"]
[White "Onyshchuk, Volodymyr"]
[Black "Krasenkow, Michal"]
[Result "1-0"]
[WhiteTitle "GM"]
[BlackTitle "GM"]
[WhiteElo "2602"]
[BlackElo "2520"]
[WhiteTeam "WIEZA PEGOW"]
[BlackTeam "KSz Stilon Gorzow Wlkp."]
[WhiteFideId "14114038"]
[BlackFideId "1113100"]
[EventDate "2025.06.02"]

1. e4 e5 2. Bc4 Nf6 3. d3 c6 4. Nf3 d5 5. Bb3 Bb4+ 6. Bd2 Bxd2+ 7. Nbxd2 Nbd7 8.
O-O O-O 9. Re1 Qc7 10. exd5 cxd5 11. Nf1 b5 12. a4 b4 13. a5 Rb8 14. Ne3 Rb5 15.
Qd2 Nb8 16. d4 e4 17. Ne5 Na6 18. Qe2 Qb7 19. f3 exf3 20. Qxf3 Nc7 21. Rf1 Be6
22. Nf5 Bxf5 23. Qxf5 Ne6 24. Qd3 a6 25. Rxf6 gxf6 26. Ng4 Qe7 27. Rf1 Kg7 28.
Qe3 Kh8 29. Nxf6 Rd8 30. Qe5 Qd6 31. Qh5 Nf8 32. Qg5 Nd7 33. Nxh7 Rg8 34. Qh4
Kg7 35. Ba4 f6 36. Bxb5 axb5 37. Rf3 Qe6 38. Ng5 fxg5 39. Qxg5+ Kh7 40. Qh5+ Kg7
41. Qg5+ Kh7 42. Qh4+ Kg7 43. Rg3+ Kf8 44. Qd8+ 1-0

[Event "TCh-POL Ekstraliga 2025"]
[Site "Chotowa POL"]
[Date "2025.06.04"]
[Round "3.4"]
[White "Dzida, Kamil"]
[Black "Moranda, Wojciech"]
[Result "0-1"]
[WhiteTitle "IM"]
[BlackTitle "GM"]
[WhiteElo "2411"]
[BlackElo "2541"]
[WhiteTeam "KSz Stilon Gorzow Wlkp."]
[BlackTeam "WIEZA PEGOW"]
[WhiteFideId "21828652"]
[BlackFideId "1122401"]
[EventDate "2025.06.02"]

1. d4 d5 2. c4 e6 3. Nc3 Nf6 4. cxd5 exd5 5. Bg5 c6 6. e3 h6 7. Bh4 Be7 8. Bd3
O-O 9. Nge2 Re8 10. O-O Nbd7 11. Qc2 a5 12. f3 b5 13. Rae1 Ba6 14. Bg3 Bf8 15.
Nc1 Qb6 16. Bf2 c5 17. dxc5 Bxc5 18. Qd2 Ne5 19. a4 b4 20. Nxd5 Nxd5 21. Bxa6
Nxe3 22. Bxe3 Bxe3+ 23. Qxe3 Nxf3+ 24. Rxf3 Rxe3 25. Rexe3 Re8 26. Kf2 Rxe3 27.
Rxe3 Qxa6 28. b3 Qf6+ 29. Rf3 Qh4+ 30. Kg1 Qd4+ 31. Rf2 Qe3 0-1

[Event "TCh-POL Ekstraliga 2025"]
[Site "Chotowa POL"]
[Date "2025.06.04"]
[Round "3.5"]
[White "Kosakowski, Jakub"]
[Black "Koziorowicz, Michal"]
[Result "1-0"]
[WhiteTitle "GM"]
[BlackTitle "FM"]
[WhiteElo "2548"]
[BlackElo "2294"]
[WhiteTeam "WIEZA PEGOW"]
[BlackTeam "KSz Stilon Gorzow Wlkp."]
[WhiteFideId "1185080"]
[BlackFideId "21809194"]
[EventDate "2025.06.02"]

1. e4 e6 2. d4 d5 3. Nd2 Be7 4. Ngf3 Nf6 5. e5 Nfd7 6. Bd3 c5 7. c3 Nc6 8. O-O
g5 9. Nb1 h5 10. Be3 g4 11. Ne1 Qb6 12. b3 f5 13. exf6 Bxf6 14. Nc2 Qc7 15. Re1
Nf8 16. dxc5 e5 17. Nba3 Be6 18. Nb5 Qd7 19. Nd6+ Kd8 20. c4 d4 21. Bd2 h4 22.
b4 a5 23. b5 Ne7 24. Be4 Nc8 25. Nxb7+ Ke7 26. Nxa5 Rxa5 27. Bxa5 g3 28. Bb4 Kd8
29. Qf3 Qg7 30. fxg3 hxg3 31. h3 Rh4 32. b6 Rf4 33. Qd3 Bxh3 34. gxh3 g2 35. b7
Bh4 36. Re2 Qf6 37. Bxg2 Bf2+ 38. Rxf2 1-0

[Event "TCh-POL Ekstraliga 2025"]
[Site "Chotowa POL"]
[Date "2025.06.04"]
[Round "3.6"]
[White "Siekanska, Maria"]
[Black "Maltsevskaya, Aleksandra"]
[Result "1/2-1/2"]
[WhiteTitle "WFM"]
[BlackTitle "IM"]
[WhiteElo "2137"]
[BlackElo "2403"]
[WhiteTeam "KSz Stilon Gorzow Wlkp."]
[BlackTeam "WIEZA PEGOW"]
[WhiteFideId "21852650"]
[BlackFideId "24174041"]
[EventDate "2025.06.02"]

1. d4 Nf6 2. c4 e6 3. g3 d5 4. Bg2 Bb4+ 5. Nd2 O-O 6. Nf3 b6 7. O-O Bb7 8. Ne5
a5 9. Qc2 Bd6 10. b3 Na6 11. Bb2 Qe7 12. Rac1 c5 13. cxd5 Nb4 14. Qb1 exd5 15.
a3 Na6 16. Qa1 Rfe8 17. Nef3 a4 18. dxc5 bxc5 19. Rfe1 axb3 20. e4 dxe4 21. Ng5
Be5 22. Ngxe4 Nxe4 23. Bxe4 Bxe4 24. Rxe4 Bxb2 25. Qxb2 Qd7 26. Rxe8+ Rxe8 27.
Nxb3 1/2-1/2

[Event "TCh-POL Ekstraliga 2025"]
[Site "Chotowa POL"]
[Date "2025.06.05"]
[Round "4.1"]
[White "Pultinevicius, Paulius"]
[Black "Harikrishna, Pentala"]
[Result "0-1"]
[WhiteTitle "GM"]
[BlackTitle "GM"]
[WhiteElo "2561"]
[BlackElo "2707"]
[WhiteTeam "KSz Hetman Plock"]
[BlackTeam "KSz Polonia Wroclaw"]
[WhiteFideId "12809390"]
[BlackFideId "5007003"]
[EventDate "2025.06.02"]

1. d4 Nf6 2. c4 e6 3. Nc3 Bb4 4. Qc2 O-O 5. a3 Bxc3+ 6. Qxc3 b6 7. Bg5 Bb7 8. f3
h6 9. Bh4 d5 10. cxd5 exd5 11. e3 Re8 12. Ne2 Nbd7 13. Nc1 a5 14. a4 Qe7 15. Bf2
c5 16. Be2 cxd4 17. Qxd4 Nc5 18. O-O Bc6 19. Ra3 Nfd7 20. Bd1 Ne6 21. Qd2 Ne5
22. Rc3 Nc4 23. Qc2 b5 24. axb5 Bxb5 25. Be2 a4 26. Rd1 Red8 27. e4 a3 28. Bxc4
dxc4 29. Rxd8+ Nxd8 30. bxa3 Rxa3 31. Qb2 Qd7 32. Be3 Ra6 33. Ne2 Ne6 34. Rc1
Qd3 35. Rc3 Qd7 36. Rc1 Rd6 37. Nc3 Bc6 38. Qb4 Rd3 39. Re1 Nd4 40. Qb8+ Kh7 41.
Qb2 Nb5 42. Nxb5 Bxb5 43. Qe5 c3 44. Qf5+ Qxf5 45. exf5 Bd7 46. f6 g5 47. Kf2 c2
48. Rc1 Ba4 49. Ra1 Bb3 50. h3 Kg6 51. f4 Bd5 52. fxg5 hxg5 53. g4 Be4 54. Ke2
Rd1 55. Rc1 Kxf6 0-1

[Event "TCh-POL Ekstraliga 2025"]
[Site "Chotowa POL"]
[Date "2025.06.05"]
[Round "4.2"]
[White "Malek, Jan"]
[Black "Jarmula, Lukasz"]
[Result "1/2-1/2"]
[WhiteTitle "GM"]
[BlackTitle "GM"]
[WhiteElo "2505"]
[BlackElo "2440"]
[WhiteTeam "KSz Polonia Wroclaw"]
[BlackTeam "KSz Hetman Plock"]
[WhiteFideId "21864080"]
[BlackFideId "1160664"]
[EventDate "2025.06.02"]

1. e4 c5 2. Nf3 g6 3. Bc4 Bg7 4. c3 d6 5. d4 cxd4 6. cxd4 Nf6 7. Bb5+ Nc6 8. O-O
O-O 9. d5 Na5 10. Nc3 Bd7 11. Bd3 Rc8 12. h3 e6 13. Bg5 h6 14. Be3 exd5 15. exd5
a6 16. Qd2 Kh7 17. Bf4 Qb6 18. Be3 Qd8 19. Bf4 Qb6 1/2-1/2

[Event "TCh-POL Ekstraliga 2025"]
[Site "Chotowa POL"]
[Date "2025.06.05"]
[Round "4.3"]
[White "Kazakouski, Valery"]
[Black "Bartel, Mateusz"]
[Result "1/2-1/2"]
[WhiteTitle "GM"]
[BlackTitle "GM"]
[WhiteElo "2585"]
[BlackElo "2579"]
[WhiteTeam "KSz Hetman Plock"]
[BlackTeam "KSz Polonia Wroclaw"]
[WhiteFideId "13507443"]
[BlackFideId "1112635"]
[EventDate "2025.06.02"]

1. e4 e6 2. d4 d5 3. Nc3 Bb4 4. e5 c5 5. a3 Bxc3+ 6. bxc3 Nc6 7. Qg4 g6 8. h4
Bd7 9. h5 Qa5 10. Bd2 O-O-O 11. Qd1 c4 12. Nf3 h6 13. Nh2 g5 14. Ng4 f5 15. exf6
Rf8 16. Be2 Nxf6 17. Nxf6 Rxf6 18. O-O Rhf8 19. Bg4 Qc7 20. Be3 Ne7 21. f3 Nf5
22. Bf2 Ng3 23. Re1 Ne4 24. Be3 Nxc3 25. Qd2 Nb5 26. Bf2 Qf4 27. Be3 Qc7 28. Bf2
Qf4 29. Be3 1/2-1/2

[Event "TCh-POL Ekstraliga 2025"]
[Site "Chotowa POL"]
[Date "2025.06.05"]
[Round "4.4"]
[White "Raczek, Krzysztof"]
[Black "Nguyen, Piotr"]
[Result "1-0"]
[WhiteTitle "IM"]
[BlackTitle "IM"]
[WhiteElo "2453"]
[BlackElo "2394"]
[WhiteTeam "KSz Polonia Wroclaw"]
[BlackTeam "KSz Hetman Plock"]
[WhiteFideId "21005303"]
[BlackFideId "1127993"]
[EventDate "2025.06.02"]

1. b3 g6 2. Bb2 Nf6 3. c4 Bg7 4. g3 c5 5. Nf3 d6 6. Bg2 e5 7. O-O O-O 8. d3 Nc6
9. Nc3 h6 10. e3 Be6 11. Rc1 Nh5 12. Na4 Qc8 13. d4 Bh3 14. dxe5 dxe5 15. Nxc5
Bxg2 16. Kxg2 Nb4 17. a3 Rd8 18. Qe2 Qxc5 19. axb4 Qxb4 20. Bxe5 Qxb3 21. Rb1
Qa4 22. Rxb7 Qc6 23. Rb5 Rac8 24. Rc1 Qxb5 25. cxb5 Rxc1 26. Qa2 Rc5 27. Bxg7
Nxg7 28. Nd4 Rd7 29. g4 h5 30. h3 hxg4 31. hxg4 Ne8 32. Qa4 Rcc7 33. Nc6 Nd6 34.
f3 Rb7 35. Nd4 Rb6 36. Qc2 Rdb7 37. Kg3 Nxb5 38. Ne2 a5 39. Nf4 Nc7 40. Qa4 Rb5
41. Qa2 Kf8 42. Qa3+ Ke8 43. Ne2 Ne6 44. Nc3 Rc5 45. Ne4 Rbc7 46. f4 Kd7 47.
Qd3+ Kc8 48. f5 gxf5 49. gxf5 Nd8 50. Qa6+ Nb7 51. Nxc5 Rxc5 52. e4 Kc7 53. Kf4
Rc6 54. Qa7 f6 55. Kg4 Rc4 56. Kf3 Rc3+ 57. Ke2 Rc6 58. Ke3 Rc5 59. Kd4 Rb5 60.
Kc4 Re5 61. Kd3 Rc5 62. Ke3 Rc3+ 63. Kf2 Rc5 64. Kg2 Rb5 65. Kg3 Rb4 66. Kf3 Rc4
67. Ke3 Rc3+ 68. Kd4 Rc5 69. Qa8 Rb5 70. Qf8 Rb4+ 71. Kd5 Rb5+ 72. Kd4 Rb4+ 73.
Kd3 Nd6 74. Qxf6 Rxe4 75. Qg7+ Kd8 76. f6 1-0

[Event "TCh-POL Ekstraliga 2025"]
[Site "Chotowa POL"]
[Date "2025.06.05"]
[Round "4.5"]
[White "Hnydiuk, Aleksander"]
[Black "Sowinski, Pawel"]
[Result "0-1"]
[WhiteTitle "IM"]
[BlackTitle "IM"]
[WhiteElo "2330"]
[BlackElo "2451"]
[WhiteTeam "KSz Hetman Plock"]
[BlackTeam "KSz Polonia Wroclaw"]
[WhiteFideId "1109057"]
[BlackFideId "21881979"]
[EventDate "2025.06.02"]

1. Nf3 d5 2. d4 Nf6 3. c4 e6 4. g3 Ne4 5. Bg2 Be7 6. O-O f5 7. Nbd2 Nc6 8. e3 h5
9. Nxe4 dxe4 10. Ne5 Nxe5 11. dxe5 Qxd1 12. Rxd1 Bd7 13. f3 exf3 14. Bxf3 O-O-O
15. Bd2 g5 16. Bc3 g4 17. Bg2 h4 18. Rd3 Rh7 19. Rad1 Bg5 20. Kf2 Rdh8 21. Rg1
hxg3+ 22. hxg3 Rh2 23. Ke1 R8h7 24. Kd1 Be8 25. Bd2 Bc6 26. Bxc6 bxc6 27. Ke1
Rd7 28. Rxd7 Kxd7 29. Kd1 c5 30. a3 Bh6 31. b4 cxb4 32. axb4 a6 33. Re1 c5 34.
b5 axb5 35. cxb5 Kc7 36. Ba5+ Kb7 37. Re2 Rxe2 38. Kxe2 Bg7 39. Bc3 Kb6 40. e4
fxe4 41. Ke3 Kxb5 42. Kxe4 Bh6 43. Kd3 Bc1 44. Be1 c4+ 45. Ke4 Ka4 46. Kd4 Kb3
47. Kc5 c3 48. Bxc3 Kxc3 49. Kd6 Kd4 50. Kxe6 Ke4 0-1

[Event "TCh-POL Ekstraliga 2025"]
[Site "Chotowa POL"]
[Date "2025.06.05"]
[Round "4.6"]
[White "Smietanska, Wiktoria"]
[Black "Rakhmangulova, Anastasiya"]
[Result "0-1"]
[WhiteTitle "CM"]
[BlackTitle "WGM"]
[WhiteElo "2238"]
[BlackElo "2281"]
[WhiteTeam "KSz Polonia Wroclaw"]
[BlackTeam "KSz Hetman Plock"]
[WhiteFideId "21869359"]
[BlackFideId "14117479"]
[EventDate "2025.06.02"]

1. e4 c5 2. Nf3 e6 3. d4 cxd4 4. Nxd4 Nf6 5. Nc3 Nc6 6. Ndb5 d6 7. Bf4 e5 8. Bg5
a6 9. Na3 b5 10. Nd5 Be7 11. Bxf6 Bxf6 12. c4 b4 13. Nc2 Rb8 14. b3 O-O 15. g3
g6 16. Bg2 Bg7 17. O-O Be6 18. Qd2 a5 19. Rad1 Bxd5 20. cxd5 Na7 21. Rc1 Nb5 22.
Ne3 f5 23. Nc4 f4 24. f3 h5 25. Bh3 fxg3 26. hxg3 Kh7 27. Qd3 Qg5 28. Kg2 Rf7
29. Rc2 Qd8 30. Rfc1 Bh6 31. Rh1 a4 32. bxa4 Nd4 33. Rf2 b3 34. Be6 Rf8 35. axb3
Rxb3 36. Qd1 Rc3 37. Qf1 Qc7 38. Nb2 Be3 39. Nd1 Bxf2 40. Nxc3 Rxf3 41. Ne2 Qc2
42. Nxd4 Rxg3+ 43. Kh2 exd4 44. Bh3 Qd2 45. a5 Qf4 0-1

[Event "TCh-POL Ekstraliga 2025"]
[Site "Chotowa POL"]
[Date "2025.06.05"]
[Round "4.1"]
[White "Svane, Frederik"]
[Black "Volokitin, Andrei"]
[Result "1-0"]
[WhiteTitle "GM"]
[BlackTitle "GM"]
[WhiteElo "2667"]
[BlackElo "2626"]
[WhiteTeam "Akademia Szachowa Gliwice"]
[BlackTeam "WIEZA PEGOW"]
[WhiteFideId "12923044"]
[BlackFideId "14107090"]
[EventDate "2025.06.02"]

1. e4 c5 2. Nf3 d6 3. d4 cxd4 4. Nxd4 Nf6 5. Nc3 a6 6. Bc4 e6 7. Bb3 Nbd7 8. Qe2
Nc5 9. Bd2 b5 10. O-O-O Bb7 11. f3 Nfd7 12. h4 Be7 13. a3 Nxb3+ 14. cxb3 O-O 15.
Kb1 Rc8 16. g4 d5 17. exd5 Nf6 18. h5 Nxd5 19. h6 g6 20. Nxd5 Bxd5 21. Rhe1 Re8
22. f4 Bf6 23. Bc3 Qe7 24. g5 Bh8 25. Nxb5 Rxc3 26. Nxc3 Bxb3 27. Rc1 Qb7 28.
Ne4 Bd5 29. Qc2 Bxe4 30. Rxe4 a5 31. Rc4 f5 32. Rc8 1-0

[Event "TCh-POL Ekstraliga 2025"]
[Site "Chotowa POL"]
[Date "2025.06.05"]
[Round "4.2"]
[White "Lagarde, Maxime"]
[Black "Svane, Rasmus"]
[Result "1/2-1/2"]
[WhiteTitle "GM"]
[BlackTitle "GM"]
[WhiteElo "2621"]
[BlackElo "2626"]
[WhiteTeam "WIEZA PEGOW"]
[BlackTeam "Akademia Szachowa Gliwice"]
[WhiteFideId "662399"]
[BlackFideId "4657101"]
[EventDate "2025.06.02"]

1. d4 d5 2. c4 c6 3. cxd5 cxd5 4. Bf4 Nf6 5. Nc3 Nc6 6. e3 Bf5 7. Nf3 e6 8. Qb3
Bb4 9. Bb5 O-O 10. Bxc6 Bxc3+ 11. Qxc3 Rc8 12. Ne5 Ng4 13. Nxg4 Bxg4 14. O-O 1/2-1/2

[Event "TCh-POL Ekstraliga 2025"]
[Site "Chotowa POL"]
[Date "2025.06.05"]
[Round "4.3"]
[White "Tomczak, Jacek"]
[Black "Onyshchuk, Volodymyr"]
[Result "0-1"]
[WhiteTitle "GM"]
[BlackTitle "GM"]
[WhiteElo "2576"]
[BlackElo "2602"]
[WhiteTeam "Akademia Szachowa Gliwice"]
[BlackTeam "WIEZA PEGOW"]
[WhiteFideId "1124668"]
[BlackFideId "14114038"]
[EventDate "2025.06.02"]

1. e4 e5 2. Nf3 Nc6 3. Bb5 Nf6 4. d3 Bc5 5. c3 O-O 6. O-O d6 7. Bg5 h6 8. Bh4 g5
9. Bg3 Bg4 10. Nbd2 a6 11. Bxc6 bxc6 12. Qc2 Qd7 13. d4 exd4 14. cxd4 Bb6 15.
Rac1 c5 16. e5 Bf5 17. Qb3 Be6 18. Qc2 Bf5 19. Qd1 Nh5 20. Nc4 Nxg3 21. fxg3
cxd4 22. exd6 d3+ 23. Nxb6 cxb6 24. Ne5 Qe6 25. Nxd3 Rad8 26. Rc6 Bg4 27. Qb3
Qxb3 28. axb3 Be2 29. Ne5 Bxf1 30. Kxf1 Rfe8 31. d7 Re7 32. Rc2 Kg7 33. Nc6
Rdxd7 34. Nxe7 Rxe7 35. Rc6 Re6 36. Rc4 f5 37. Kf2 Kf6 38. Rc8 Ke7 39. Rc7+ Kd6
40. Rf7 Kc5 41. Rxf5+ Kb4 42. Rf3 Rc6 43. g4 b5 44. Rh3 a5 45. Ke1 Rc2 46. Rxh6
Kxb3 47. Rh5 b4 48. Rxg5 a4 49. Kf1 Kxb2 50. Ra5 a3 51. g5 a2 0-1

[Event "TCh-POL Ekstraliga 2025"]
[Site "Chotowa POL"]
[Date "2025.06.05"]
[Round "4.4"]
[White "Moranda, Wojciech"]
[Black "Warakomski, Tomasz"]
[Result "1/2-1/2"]
[WhiteTitle "GM"]
[BlackTitle "GM"]
[WhiteElo "2541"]
[BlackElo "2545"]
[WhiteTeam "WIEZA PEGOW"]
[BlackTeam "Akademia Szachowa Gliwice"]
[WhiteFideId "1122401"]
[BlackFideId "1124552"]
[EventDate "2025.06.02"]

1. d4 Nf6 2. c4 e6 3. Nf3 d5 4. Nc3 c5 5. cxd5 cxd4 6. Qxd4 exd5 7. Bg5 Be7 8.
e3 Nc6 9. Qd3 O-O 10. Be2 a6 11. O-O Qa5 12. a3 Be6 13. b4 Qc7 14. Rac1 Rfd8 15.
h3 h6 16. Bf4 Bd6 17. Bxd6 Qxd6 18. Rfd1 a5 19. Nb5 Qe7 20. Nbd4 axb4 21. Rxc6
bxc6 22. Nxc6 Qe8 23. Nxd8 Rxa3 24. Qd4 Qxd8 25. Qxb4 Qa8 26. Nd4 Bd7 27. Bf3
Ra1 28. Qe1 Rxd1 29. Qxd1 Qb8 30. Ne2 Be6 31. Qa1 Bf5 32. Nf4 Be4 33. Be2 Qb4
34. f3 Qb6 35. Kf2 g5 36. Nd3 Bxd3 37. Bxd3 Qd6 38. Qd4 Qe6 39. h4 Nd7 40. hxg5
hxg5 41. Bc2 Nf6 42. Bd3 1/2-1/2

[Event "TCh-POL Ekstraliga 2025"]
[Site "Chotowa POL"]
[Date "2025.06.05"]
[Round "4.5"]
[White "Klekowski, Maciej"]
[Black "Kosakowski, Jakub"]
[Result "1/2-1/2"]
[WhiteTitle "GM"]
[BlackTitle "GM"]
[WhiteElo "2474"]
[BlackElo "2548"]
[WhiteTeam "Akademia Szachowa Gliwice"]
[BlackTeam "WIEZA PEGOW"]
[WhiteFideId "1132717"]
[BlackFideId "1185080"]
[EventDate "2025.06.02"]

1. d4 d5 2. c4 e6 3. Nf3 Nf6 4. g3 Bb4+ 5. Nbd2 O-O 6. Bg2 b6 7. O-O Bb7 8. Ne5
Re8 9. a3 Bf8 10. b3 c5 11. dxc5 bxc5 12. Bb2 Qc7 13. e3 dxc4 14. Bxb7 Qxb7 15.
Nexc4 Nbd7 16. Qc2 Be7 17. Rfd1 Red8 18. Rac1 Rac8 19. e4 Nb6 20. e5 Nfd7 21.
Ne4 Nxc4 22. Qxc4 Nb6 23. Rxd8+ Rxd8 24. Qc2 Rd5 25. Re1 h6 26. Nc3 Rd8 27. Rd1
Rb8 28. Ne4 Nd5 29. Rd3 a5 30. Qc4 a4 31. Nxc5 Bxc5 32. Qxc5 Rc8 33. Qd4 axb3
34. Qa4 Rb8 35. Qc4 Ne7 36. Rc3 Nd5 37. Rd3 h5 38. a4 h4 39. Qxh4 Qc7 40. Qg5
Qc4 41. Rd4 Qc2 42. Rg4 g6 43. Rh4 Qxb2 44. Qh6 Qb1+ 45. Kg2 Ne3+ 46. Qxe3 g5
47. Rg4 b2 48. Qa7 Rb3 49. Rxg5+ Qg6 50. Rxg6+ fxg6 51. Qe7 b1=Q 52. Qe8+ Kg7
53. Qe7+ 1/2-1/2

[Event "TCh-POL Ekstraliga 2025"]
[Site "Chotowa POL"]
[Date "2025.06.05"]
[Round "4.6"]
[White "Maltsevskaya, Aleksandra"]
[Black "Antolak, Julia"]
[Result "1/2-1/2"]
[WhiteTitle "IM"]
[BlackTitle "WGM"]
[WhiteElo "2403"]
[BlackElo "2279"]
[WhiteTeam "WIEZA PEGOW"]
[BlackTeam "Akademia Szachowa Gliwice"]
[WhiteFideId "24174041"]
[BlackFideId "1159569"]
[EventDate "2025.06.02"]

1. e4 c5 2. Nf3 e6 3. d4 cxd4 4. Nxd4 Nf6 5. Nc3 d6 6. g4 h6 7. Rg1 Nc6 8. Be3
Be7 9. Qd2 Nxd4 10. Qxd4 e5 11. Qa4+ Bd7 12. Bb5 a6 13. Bxd7+ Nxd7 14. Nd5 O-O
15. O-O-O Bg5 16. Kb1 Bxe3 17. Nxe3 b5 18. Qb4 Nc5 19. Nf5 a5 20. Qe1 Qg5 21.
Nxd6 Rfd8 22. Qc3 Ne6 23. Qf3 Qe7 24. Nf5 Qc7 25. h4 Rxd1+ 26. Rxd1 Rc8 27. Qe2
b4 28. g5 h5 29. Ne3 Nd4 30. Qd3 a4 31. f4 exf4 32. Nd5 Qc5 33. c3 bxc3 34. Qxc3
Ne2 35. Qxc5 Rxc5 36. Rf1 f3 37. a3 Rc4 38. Rxf3 Rxe4 39. Re3 Rxe3 40. Nxe3 Nd4
41. b3 axb3 42. Kb2 Kf8 43. Kc3 Ke8 44. a4 Kd7 45. a5 Kc8 46. a6 Kb8 47. Nd5 Nf3
48. Nf4 g6 49. Kxb3 Nxh4 50. Kc4 Nf3 51. Nh3 Ka7 52. Kd5 Kxa6 53. Ke4 Nh4 54.
Ke5 Kb6 55. Kf6 Kc6 56. Kxf7 Kd5 57. Nf4+ Ke5 58. Nxg6+ Nxg6 59. Kxg6 h4 60. Kf7
h3 61. g6 h2 62. g7 h1=Q 63. g8=Q Qd5+ 64. Kg7 Qxg8+ 65. Kxg8 1/2-1/2